000 01258nam a22003497a 4500
003 CHAP
005 20220329135119.0
008 971013s1983 r 00010 d
010 _a31134
011 _a32106
035 _a36219
040 _cCHAP
090 _aTesis
100 0 0 _aLongoria Rodríguez, Carlos.
_967600
245 _aEstudio sobre la competencia y el antagonismo químico de los productos de fermentación de Lactobacillus acidophilus en cultivos de Escherichia coli
260 _aMonterrey, N.L. :
_bEl autor,
_c1983
300 _a54 h.
_b: ilus. ; gráfs.
502 _aTesis (Ing. Agr. Zootecnista) -- ITESM. Div. de Ciencias Agropecuarias y Marítimas
590 _aALEPH
_b10
_c20130110
_lUCH01
_h1253
590 _aBATCH-UPD
_b10
_c20130110
_lUCH01
_h0106
590 _aBATCH-UPD
_b10
_c20130110
_lUCH01
_h1713
590 _aBATCH-UPD
_b10
_c20130409
_lUCH01
_h2057
590 _aBATCH-UPD
_b10
_c20130410
_lUCH01
_h1058
590 _aBATCH-UPD
_b10
_c20130914
_lUCH01
_h1317
590 _aCONVERSION
_b10
_c20130109
_lUCH01
_h1318
650 1 4 _aEscherichia coli.
_937480
650 1 4 _aFermentación.
_940083
650 1 4 _aLactobacillus acidophilus.
_964350
901 _aBK
942 _cTESIS
949 _bBC
_cTES
_d-83423
_eTS1
_i36219
_si
999 _c31134
_d31134